| 000 | 01027nam0a22002891 4500 | ||
|---|---|---|---|
| 001 | rc\3508393 | ||
| 005 | 20130115142351.4 | ||
| 021 |
_aRU _bРг99-75 |
||
| 035 | _a(NLR Aleph) 007616671 | ||
| 090 |
_a5875293 _c5875293 |
||
| 100 | _a20130115d1974 |||y0rusy50 ca | ||
| 101 | 0 | _arus | |
| 102 | _aRU | ||
| 105 | _ay c ||||| | ||
| 200 | 1 |
_aВенгрия _eГеогр. справка _eУказ. геогр. назв. _fГУГК |
|
| 210 |
_a[Москва] _cБ. и. _d1974 |
||
| 215 |
_a22 с. _d22 |
||
| 300 | _aАвт. указан на 8-й с. | ||
| 311 | _aПрил. к справ. карте "Венгрия", М 1:750000 | ||
| 422 | 0 | _12001#$aВенгрия$eСправ. карта$eМ 1:750000 | |
| 700 | 1 |
_aБодрин _bВ. В. _gВладимир Владимирович |
|
| 712 | 0 | 1 |
_aСССР _bГлавное упр. геодезии и картографии _3RU\NLR\AUTH\8810062783 |
| 801 | 0 |
_aRU _bNLR _gpsbo |
|
| 801 | 1 |
_aRU _bELAR _2rusmarc |
|
| 852 |
_aNLR _jК 4-Цев/553 6 |
||
| 942 | _cBOOK | ||
| 980 | _aNB | ||